000 00494nam a22001697a 4500
003 BD-ChCU
005 20251120093609.0
008 251118b bg ||||| |||| 00| 0 ben d
040 _cBD-ChCU
082 _a330.973 SOA
100 _aSoule, George and Carosso, Vincent P.
_916409
245 _aAmerican economic history /
_cGeorge Soule and Vincent P Carosso
260 _aNew York
_bHolt.
_c1961
300 _axvi, 654p
650 0 _aU. S. - Economic Condition.
_916410
942 _2ddc
_cBK
_n0
999 _c109576
_d109576